Proceso contencioso para que se confirme la sentencia a favor del licenciado Ponte en el pleito por la cátedra de cirugía de la Universidad de Salamanca, por el licenciado Ponte con el doctor Pedro García

Detalles Bibliográficos
Otros Autores: Francisco Ponte
Formato: Libro
Publicado: Salamanca, s.f.
Materias:
Colección:Banco de datos
Acervo:Biblioteca Palafoxiana. Colección de Manuscritos
Descripción Física:6 f. ; 20 x 29 cm.
Tema general:Civil
LEADER 00542nam a22001450004500
035 |a 819 
245 1 0 |a Proceso contencioso para que se confirme la sentencia a favor del licenciado Ponte en el pleito por la cátedra de cirugía de la Universidad de Salamanca, por el licenciado Ponte con el doctor Pedro García  
260 |a Salamanca, s.f. 
300 |a 6 f. ; 20 x 29 cm. 
650 1 0 |a Civil 
700 1 |a Francisco Ponte 
949 |a 19679/027 
942 |c PALAMANU 
943 |g Biblioteca Palafoxiana. Colección de Manuscritos 
999 |c 1068764  |d 1068764